| 000 | 01177nam a2200253Ia 4500 | ||
|---|---|---|---|
| 001 | 11549 | ||
| 003 | GE_BSU | ||
| 008 | 181216s||||||||xx |||||||||||||| ||und|| | ||
| 040 | _cGE_BSU | ||
| 080 | _a63.(031) | ||
| 245 | _aКрестьянская сельско-хозяйственная энциклопедия.Т.I и II. | ||
| 245 | _bЭкономика и благоустройство деревни. | ||
| 245 | _cПод ред:И.Я.Гурова; | ||
| 260 | _aМосква. | ||
| 260 | _bГосиздат. | ||
| 260 | _c1925. | ||
| 300 | _a735с;26см.Илл. | ||
| 300 | _eС.194 иллюстрациями и картограммами. | ||
| 520 | _aКрестьянская сельско-хоз.энциклопедия. Т.1.Животноводство, II и III. Экономика и благоустройство деревни,IV,V,и VIЗемледелие,дополнительный том. | ||
| 653 | _aКрестьянская сельско-хозяйственная энциклопедия.Т.I и II. | ||
| 653 | _aСельское хозяиство | ||
| 653 | _aსოფლის მეურნეობა | ||
| 942 | _cBK | ||
| 999 |
_c44744 _d44744 |
||